Domundi Mascots - Statistics

General Stats
  • This quiz has been taken 8 times
  • The average score is 8 of 10
Answer Stats
Answer % Correct
BokBear
100%
Alinor
80%
JookKroo
80%
Mr. Toky
80%
NongZon
80%
OhAe
80%
Rainy
80%
TMiLk
80%
HeartDy
60%
Mhii Praew
60%
No matching quizzes found
Score Distribution
Percent of People with Each Score
Percentile by Number Answered
Your Score History
You have not taken this quiz